Kraje Graniczące z Azją - Statystyki

Ogólne statystyki
  • Ten quiz został rozwiązany 104 razy
    98 od ostatniego zresetowania
  • Średni wynik to 10 z 12
Statystyki odpowiedzi
Country % Poprawnych
Egipt
95%
Ukraina
91%
Białoruś
89%
Estonia
88%
Łotwa
88%
Finlandia
87%
Grecja
85%
Litwa
85%
Polska
84%
Norwegia
72%
Bułgaria
71%
Papua-Nowa Gwinea
70%
Nie znaleziono quizów pasujących do podanych kryteriów
Rozkład punktacji
Procent ludzi z każdym wynikiem
Percentyl według liczby udzielonych odpowiedzi
Twoja historia wyników
Nie rozwiązałeś tego quizu od ostatniego zresetowania